一度しか使われていない字のみで構成された市町村 - Statistics

General Stats
  • This quiz has been taken 357 times
  • The average score is 4 of 16
Answer Stats
市町村 % Correct
匝瑳市
41%
蕨市
40%
ニセコ町
39%
呉市
31%
猿払村
30%
堺市
29%
燕市
24%
様似町
19%
壮瞥町
18%
嬬恋村
18%
剣淵町
17%
沖縄市
16%
聖籠町
15%
塙町
13%
肝付町
11%
精華町
9%
No matching quizzes found
Score Distribution
Percent of People with Each Score
Percentile by Number Answered
Your Score History
You have not taken this quiz